000 00249nam a22001097a 4500
999 _c480213
_d480213
003 NUST
008 161019t xxu||||| |||| 00| 0 eng d
038 _aMian Adnan
082 _a616.07
245 _aimmunology for medical students
942 _2ddc
_cBK